000 00550nam a2200181 a 4500
001 000046882
005 20201002053200.0
008 180405s2004 dr 000 0 spa d
020 _a9789945444131
040 _aDO-SdBNP
_bspa
_cBNPHU
082 _axxx
_bC965e, 4to.
100 1 _aCuello del Orbe, Elisa Ysabel
_974001
245 1 0 _aEducación sexual 4 /
_cElisa Ysabel Cuello del Orbe.
260 _aSanto Domingo, :
_bActualidad,
_c[s.f.].
300 _a64p. :
_bil. ;
_c28 cm.
504 _aBibliografía: p. 64
590 _aInventariado, 2018/MFF
999 _c46371
_d46371